000 00656nam a2200205Ia 4500
003 IN-BaIIA
008 211028s9999 xx 000 0 eng d
020 _a978-0-691-03327-3
040 _cIIA Library
080 _a538.3:92
_bSCH
100 _aSchweber, Silvan S
_93007
245 0 _aQED and the men who made it
_bDyson, Feynman, Schwinger, and Tomonaga
_cSilvan S Schweber
260 _aPrinceton
_bPrinceton University Press
_c1994
300 _axxviii, 732p.
650 _aBiography
_91224
650 _aElectrodynamics
_92319
650 _aPhysicists
_917004
650 _aQED Quantum
_919854
942 _cBK
999 _c11503
_d11503